000
00255nam a2200097Ia 4500
001
1251388
005
20251031150914.0
008
251031s9999 xx 000 0 und d
245
0
_c
LAURA OWEN
_a
S-2 SPOR YAPIYOR
260
_b
TÜRKİYE İŞ BANKASI YAYINLARI
999
_c
1251388
_d
1251388